2025-2026 NFL Starting Quarterbacks - Statistics

General Stats
  • This quiz has been taken 196 times
  • The average score is 30 of 32
Answer Stats
Division Team Answer % Correct
NFC East Eagles Jalen Hurts
99%
NFC East Commanders Jayden Daniels
99%
AFC West Chiefs Patrick Mahomes
99%
AFC East Bills Josh Allen
98%
AFC North Steelers Aaron Rodgers
97%
NFC West 49ers Brock Purdy
97%
NFC North Bears Caleb Williams
97%
NFC East Cowboys Dak Prescott
97%
NFC North Lions Jared Goff
97%
NFC West Rams Matthew Stafford
97%
AFC East Dolphins Tua Tagovailoa
97%
AFC North Bengals Joe Burrow
96%
NFC North Packers Jordan Love
96%
AFC North Ravens Lamar Jackson
96%
AFC West Broncos Bo Nix
95%
AFC East Patriots Drake Maye
95%
AFC West Chargers Justin Herbert
95%
NFC West Cardinals Kyler Murray
95%
NFC North Vikings J.J. McCarthy
94%
NFC West Seahawks Sam Darnold
94%
AFC South Jaguars Trevor Lawrence
94%
NFC South Buccaneers Baker Mayfield
93%
AFC South Colts Daniel Jones
93%
AFC South Texans C.J. Stroud
92%
NFC East Giants Russel Wilson
92%
NFC South Panthers Bryce Young
91%
AFC West Raiders Geno Smith
91%
NFC South Falcons Michael Penix Jr.
90%
AFC South Titans Cam Ward
88%
AFC North Browns Joe Flacco
88%
AFC East Jets Justing Fields
87%
NFC South Saints Spencer Rattler
79%
No matching quizzes found
Score Distribution
Percent of People with Each Score
Percentile by Number Answered
Your Score History
You have not taken this quiz